000 00793nam a2200241 a 4500
001 000006271
003 DO-SdBNP
005 20230113123031.0
007 ta
008 090827s2005 dr 001 0 spa d
020 _a9993423920
040 _aDO-SdBNP
_bspa
_cBNPHU
041 1 7 _aspa
_heng
049 _aBNPD
082 4 _222
100 1 _aValera Acosta, Cheila
_917521
245 1 0 _aEducación para la ciudadanía en el Caribe :
_bestudio sobre política curricular y de formación docente en Cuba, Haití y República Dominicana /
_cCheila Valera Acosta.
246 _aEducation for citizenship in the caribbean
260 _aSanto Domingo :
_bOficina Internacional de Educación (OIE),
_c2005.
300 _a162 p. ;
_c23 cm.
590 _aInventariado, 2023/BT
942 _2ddc
_cLBS1
999 _c6066
_d6066